| 000 | 00409cam a2200169ua 4500 | ||
|---|---|---|---|
| 020 | _c1.25 | ||
| 041 |
_amal _h |
||
| 082 |
_a928.94812 _bAHA/KU |
||
| 100 | _aAhammad Kannu, M . | ||
| 245 |
_aKumari satiya / _cM Ahammad Kannu. _hTextual Documents |
||
| 260 |
_aThiruvanantapuram : _bM M Hassan , _c1959. |
||
| 300 | _a157 ; . | ||
| 365 | _a1.25 | ||
| 504 | _a | ||
| 942 | _cBK | ||
| 999 |
_c6630 _d6630 |
||